000 00430nam a2200181 4500
020 _a978-81-8191-303-6
040 _aTrident
082 _a610
_bRAO
100 _aT Bhaskara Rao
_945388
245 _aMethods of Biostatistics
250 _a3rd
260 _aNew Delhi
_bParas Medical Publisher
_c2018
300 _aVii.437;
500 _abook.1
650 _aBio Medical
_942048
700 _aNo
_945387
942 _2ddc
_cBK
_n0
999 _c61118
_d61118